| 000 | 00473nam a2200193Ia 4500 | ||
|---|---|---|---|
| 003 | 0100 | ||
| 008 | 130303s9999 xx 000 0 und d | ||
| 040 | _cARRUPELIB | ||
| 050 | _aB3258.H323M6713 1990 | ||
| 100 | _aHabermas, Jurgen | ||
| 245 | _aMoral consciousness and communicative action | ||
| 260 | _aCambridge | ||
| 260 | _bThe MIT Press | ||
| 260 | _C1990 | ||
| 300 | _axiii | ||
| 300 | _b 225p. 23cm. | ||
| 700 | _aLenhardt, Christian (tr.) | ||
| 942 | 0 | 0 | _010 |
| 999 |
_c20811 _d20811 |
||